000 00653nam a2200277Ia 4500
005 20260324135327.0
008 008 260324s9999 xx 000 0 eng d
020 _a9781315698076
037 _aEBOOK
040 _aCRL
040 _beng
040 _cCRL
041 _2eng
041 _aeng
084 _qCRL
100 _aLinda Markowitz
_91200192
245 0 _aWorker Activism After Successful Union Organizing
260 _bTaylor and Francis
260 _c2000
365 _a
365 _b290
856 _uhttp://www.taylorfrancis.com/books/9781315698076
942 _cEBOOK
999 _c1801125
_d1801125